000 00844nam a2200289 a 4500
999 _c23122
_d23122
001 vtls011425652
005 20220131100916.0
008 171219s2015 xr g 000 f slo
020 _a9788072438235
_q(viazané)
035 _aF1C91181-0FEB-49C8-8DFB-3B0D14F4068A
035 _aurn:nbn:sk:snk-amycbb
035 _aurn:nbn:sk:snk-am00cfzo
040 _aPOKPOH
_bslo
_cPOKPOH
_dSNK
_eAACR2
041 0 _aslo
044 _axr
_cCZ
072 7 _a821.162.4-3
_xSlovenská próza
_2konspekt
080 _a821.162.4-31
_22011
100 1 _aMartincová, Denisa,
_d1972-
_92627
245 1 0 _aŠarlotin anjel
_cDenisa Martincová
250 _a1. vyd.
260 _aPraha
_bBrána
_c2015
300 _a195 s.
_c19 cm
655 7 _aslovenské romány
_2SNKPH
_91694
655 7 _aSlovak fiction
_2SNKPHeng
_91695
958 _aZS
958 _aNB